Afghanistan : rescued treasures of Buddhism /

Další autoři: Frecer, Robert, 1989-, Novák, Ľubomír, 1981-, Stevanović, Dunja
Jazyk: Angličtina
Vydáno: Prague : National Museum, 2016
Vydání: First edition
Témata:
Fyzický popis: 223 stran : ilustrace (převážně barevné) ; 26 cm
Language note: České resumé
Knihy
Uloženo v:
LEADER 02760nam a2200709 i 4500
001 nkc20162812993
003 CZ PrNK
005 20260416102357.0
007 ta
008 160718s2016 xr a e c 000 0 eng
015 |a cnb002812993 
020 |a 978-80-7036-491-8  |q (brožováno) 
035 |a (OCoLC)965747555 
040 |a BOA001  |b cze  |d ABA001  |e rda 
041 1 |a eng  |b cze  |h cze 
043 |a a-af--- 
072 7 |a 902  |x Archeologie  |2 Konspekt  |9 8 
080 |a 902.2  |2 MRF 
080 |a 902:904  |2 MRF 
080 |a 7.032:24  |2 MRF 
080 |a 72/76:904  |2 MRF 
080 |a 7.025.3/.4:001.891.5  |2 MRF 
080 |a (581)  |2 MRF 
080 |a (083.824)  |2 MRF 
245 0 0 |a Afghanistan :  |b rescued treasures of Buddhism /  |c translations: Robert Frecer, Ľubomír Novák, Dunja Stevanovič 
246 3 0 |a Rescued treasures of Buddhism 
250 |a First edition 
264 1 |a Prague :  |b National Museum,  |c 2016 
300 |a 223 stran :  |b ilustrace (převážně barevné) ;  |c 26 cm 
336 |a text  |b txt  |2 rdacontent 
337 |a bez média  |b n  |2 rdamedia 
338 |a svazek  |b nc  |2 rdacarrier 
500 |a Přeloženo z češtiny? 
500 |a 750 výtisků 
504 |a Obsahuje bibliografie a bibliografické odkazy 
546 |a České resumé 
650 0 7 |a archeologické lokality  |7 ph118575  |z Afghánistán  |2 czenas 
650 0 7 |a archeologické výzkumy  |7 ph118577  |z Afghánistán  |2 czenas 
650 0 7 |a archeologické nálezy  |7 ph137683  |z Afghánistán  |2 czenas 
650 0 7 |a buddhistické umění  |7 ph119018  |z Afghánistán  |2 czenas 
650 0 7 |a umělecké památky  |7 ph126896  |z Afghánistán  |2 czenas 
650 0 7 |a restaurátorský průzkum  |7 ph216798  |2 czenas 
650 0 9 |a archaeological sites  |z Afghanistan  |2 eczenas 
650 0 9 |a excavations (archaeology)  |x Afghanistan  |2 eczenas 
650 0 9 |a antiquities  |z Afghanistan  |2 eczenas 
650 0 9 |a Buddhist art  |z Afghanistan  |2 eczenas 
650 0 9 |a artistic monuments  |z Afghanistan  |2 eczenas 
650 0 9 |a restoration research  |2 eczenas 
651 7 |a Mes Aynak (Afghánistán : archeologická lokalita)  |7 ge761131  |2 czenas 
651 9 |a Mes Aynak (Afghanistan : archaeological site)  |2 eczenas 
655 7 |a katalogy výstav  |7 fd132536  |2 czenas 
655 9 |a exhibition catalogs  |2 eczenas 
700 1 |a Frecer, Robert,  |d 1989-  |7 xx0195751  |4 trl 
700 1 |a Novák, Ľubomír,  |d 1981-  |7 xx0160652  |4 trl 
700 1 |a Stevanović, Dunja  |4 trl 
910 2 |a BOA001  |b 3-1373.628 
928 9 |a Národní muzeum 
990 |a BK 
995 |a 01 
991 |b 201609  |c NOV 
996 6 |b 2610682699  |c 3-1373.628  |l MZK  |r Sklad / do 1 hodiny  |n 0  |p p.v.  |w 001579636  |u 000010  |a 1  |e BOA001  |j MZK50  |s P 
996 7 |b 2610690306  |c 3-1373.628  |l MZK  |r Sklad / do 1 hodiny  |n 0  |p dar  |w 001579636  |u 000020  |a 1  |e BOA001  |j MZK50  |s A